| 000 | 00836cab a2200241 4500 | ||
|---|---|---|---|
| 001 | WB3519-01 | ||
| 008 | 090401t1999 xxu||||| |||| 00| 0 eng d | ||
| 035 | _a(Sirsi) u93489 | ||
| 041 | _aeng | ||
| 245 | _aVAT on art row | ||
| 260 | _c1999 | ||
| 350 | _a0 | ||
| 490 |
_aAntiques Trade Gazette _v(1389) 22 May 1999, 1-3(2) |
||
| 520 | _aThe publication of the report compiled for the European Commission on the effect of doubling VAT on works of art imported for sale from outside the EC has exposed huge flaws in the commission's argument for pressing ahead with the increased tax. | ||
| 650 | _aART MARKET | ||
| 650 | _aBRITISH ANTIQUE DEALERS ASSOCIATION | ||
| 650 | _aEUROPEAN COMMISSION | ||
| 650 | _aIMPORTS | ||
| 650 | _aVALUE ADDED TAX | ||
| 690 |
_aArts and antiques _96217 |
||
| 942 | _n0 | ||
| 948 | _c20/05/1999 | ||
| 999 |
_c59243 _d59243 |
||